000 00459nam a2200169Ia 4500
003 GCL
008 140319s9999 xx 000 0 ara d
040 _aGCL /
_cGCL
082 0 4 _a814.008
_bن ت
100 1 _aنبيل فرج
245 1 0 _aتوفيق الحكيم (1898 - 1987) /
_cنبيل فرج
300 _a94 ص
490 _aالمكتبة الثقافية
_v0
650 0 4 _aالتراجم
650 0 4 _aالرجال - تراجم
942 _2ddc
_cBK
999 _c42167
_d42167